| 000 | 00858nmc a2200301 a 4500 | ||
|---|---|---|---|
| 003 | AR-BaBNM | ||
| 005 | 20251128210514.0 | ||
| 008 | 180020s1969 ||||||||||||||000 | spa|| | ||
| 040 | _cAR-BaBNM | ||
| 100 | 1 |
_aTolstoi, Lev Nikolaevich _d1828-1910 |
|
| 245 | 1 | 0 |
_aAna Karénina _n1 ; traducido por Irene Andrescu y Laura Andrescu |
| 260 |
_aBuenos Aires _bCentro Editor de América Latina _c1969 |
||
| 300 | 0 | _a444 p. | |
| 490 | 0 |
_aBiblioteca básica universal _vv. 26 |
|
| 650 | 4 | _aLITERATURA RUSA | |
| 650 | 4 | _aLITERATURA MODERNA | |
| 650 | 4 | _aLITERATURA POPULAR | |
| 650 | 4 | _aNOVELAS | |
| 650 | 4 | _aREALISMO | |
| 650 | 4 | _aOBRAS LITERARIAS | |
| 653 | 0 | _aNOVELA SOCIAL | |
| 653 | 0 | _aNOVELA MORAL | |
| 655 | _aLITERATURA | ||
| 700 | 1 |
_aAndrescu, Irene _etraductor |
|
| 700 | 1 |
_aAndrescu, Laura _etraductor |
|
| 942 | _cBK | ||
| 998 | _cMARTIN | ||
| 999 |
_c15718 _d15718 |
||